| 000 | 00637nam a2200205 i 4500 | ||
|---|---|---|---|
| 001 | 43672 | ||
| 003 | ES-MaACL | ||
| 005 | 20251126143553.0 | ||
| 007 | t| | ||
| 008 | 030318s1966 sp ||||1| spa d | ||
| 100 | 1 |
_aCatzel, Pincus. _937093 |
|
| 245 | 1 | 0 |
_aFormulario de terapéutica pediátrica / _cpor Pincus Catzel ; prólogo de Sir Wilfrid Sheldon ; versión P. Roca Amigo. |
| 250 | _a[1ª ed.]. | ||
| 260 |
_aBarcelona : _bToray, _c1966. |
||
| 300 |
_aXVI, 286 p. ; _c19 cm. |
||
| 700 | 1 |
_aSheldon, Wilfrid. _9106062 |
|
| 700 | 0 |
_aRoca Amigó, Pedro _997984 |
|
| 852 |
_aES-MaACL _jC-29904 _bR.60148 |
||
| 999 |
_c43672 _d43672 |
||